| 000 | 005510000a22001210004500 | ||
|---|---|---|---|
| 100 | 1 | _aCala, Felipe | |
| 245 | 1 | 0 | _a¿Cómo se compra una película? |
| 300 | _aVol.0, núm.20 (Mayo, 2007), Páginas 30-31 | ||
| 500 | _aReportaje | ||
| 520 | _aEl Festival de Cannes coincide con la temporada en la que los distribuidores independientes comienzan a comprar el cine que veremos. ¿Qué tan fácil es para los colombianos adquirir derechos de distribución en un mercado tan competido? | ||
| 773 | 0 | _tArcadia / Andrés Felipe Solano, Editor | |
| 942 | _cANA | ||
| 999 |
_c62194 _d62194 |
||